Centralismo y descentralizacin̤ organizacin̤ y modelos territoriales en Alicante (1812-1874) /

Detalles Bibliográficos
Autor principal: Přez Juan, Jos ̌Antonio
Autores Corporativos: Alicante. Diputacin̤, Instituto Nacional de Administracin̤ Pb︢lica (Espaą)
Formato: Libro
Lenguaje:español
Publicado: Madrid : Ministerio de Administraciones Pb︢licas, Instituto Nacional de Administracin̤ Pb︢lica, [Alicante] : Diputacin̤ de Alicante ; 2005
Colección:Cls̀icos e historia de la administracin̤
Materias:
Acceso en línea:Acceso restringido

MARC

LEADER 00000nam a2200000 a 4500
005 2011122003573.0
007 cr|||| ||||
008 060213s2005 sp |||||| o000 ||spa|d
017 |a DL M. 39512-2005 
020 |a 8473512405 
024 8 |a 329-05-015-5  |2 z 
035 |a 6052 
040 |d vLex 
043 |a e-sp---  |b e-spv--  |2 catmarc 
090 |c 2848  |d 2848 
100 1 |a Přez Juan, Jos ̌Antonio 
245 1 0 |a Centralismo y descentralizacin̤   |h [Recurso electrn̤ico] :  |b organizacin̤ y modelos territoriales en Alicante (1812-1874) /  |c Jos ̌Antonio Přez Juan 
256 |a Servicio en ln̕ea 
260 |a Madrid :  |b [Alicante] :  |b Diputacin̤ de Alicante ;  |a Ministerio de Administraciones Pb︢licas, Instituto Nacional de Administracin̤ Pb︢lica,  |c 2005 
300 |a 1 recurso electrn̤ico 
500 |a Versin̤ de la tesis doctoral defendida el 15 de septiembre de 2003, en la Universidad Miguel Hernǹdez, con el tt̕ulo "La Diputacin̤ provincial de Alicante 1812-1874". 
504 |a Bibliografa̕ 
506 1 |a Contenido solo disponible en los productos indicados  |d vLex Global   |d vLex Global (Academic Edition, excluding Law Schools)   |d vLex Global (U.S. Academic Edition, Law Schools)   |d vLex Global (U.S. Academic Edition, excluding Law Schools)   |d vLex Global (Academic Edition, Law Schools)  
650 0 4 |a Descentralizacin̤ administrativa  |z Espaą 
651 4 |a Alicante (Pas̕ Valenciano : Provn̕cia)  |x Divisiones administrativas y polt̕icas  
710 2 |a Alicante.  |b Diputacin̤ 
710 2 |a Instituto Nacional de Administracin̤ Pb︢lica (Espaą) 
740 0 |a vLex Libros (Servicio en ln̕ea) 
830 0 |a Cls̀icos e historia de la administracin̤ 
856 4 0 |u http://vlex.com/source/centralismo-descentralizacion-organizacion-modelos-territoriales-alicante-6052  |z Acceso restringido 
942 |c BOOK 
999 0 |a Decentralization in government 
999 0 |a Administrative law